000 00505cam a22002171 4500
001 sa 63003172
003 DLC
005 20260227111939.0
008 890724s1962 ii 000 1 beno
010 _asa 63003172
035 _a(OCoLC)20059771
040 _aDLC
_cWaU
_dDLC
042 _apremarc
050 0 0 _aPK1718.B39
_bA9
100 1 _aBasu, Samareśa,
_d1924-1988.
245 1 0 _aAẏanānta.
260 _c[1962]
300 _a279 p.
_c23 cm.
500 _aIn Bengali.
500 _aA novel.
999 _c54926
_d54926